Система планово-предупредительного ремонта оборудования и сетей промышленной энергетики

Bibliographic Details
Main Author: Синягин Н. Н. Николай Николаевич
Other Authors: Афанасьев Н. А. Николай Афанасьевич, Новиков С. А. Станислав Андреевич
Language:Russian
Published: Москва, Энергоатомиздат, 1984
Edition:3-е изд., перераб. и доп.
Subjects:
Format: MixedMaterials Book
KOHA link:https://koha.lib.tpu.ru/cgi-bin/koha/opac-detail.pl?biblionumber=179284

MARC

LEADER 00000nam0a2200000 4500
001 179284
005 20231101223449.0
035 |a (RuTPU)RU\TPU\book\194348 
035 |a RU\TPU\book\50739 
090 |a 179284 
100 |a 20030318d1984 k y0rusy50 ca 
101 0 |a rus 
102 |a RU 
105 |a y z 001zy 
200 1 |a Система планово-предупредительного ремонта оборудования и сетей промышленной энергетики  |f Н. Н. Синягин, Н. А. Афанасьев, С. А. Новиков 
205 |a 3-е изд., перераб. и доп. 
210 |a Москва  |c Энергоатомиздат  |d 1984 
215 |a 448 с. 
320 |a Библиогр.: с. 442-444. 
606 |a Энергетическое хозяйство  |2 stltpush  |3 (RuTPU)RU\TPU\subj\21336  |9 46353 
610 1 |a энергетика 
610 1 |a энергетическое оборудование 
610 1 |a ремонт 
610 1 |a промышленные предприятия 
610 1 |a сети 
610 1 |a электрические машины 
610 1 |a силовые трансформаторы 
610 1 |a электрические аппараты 
610 1 |a конденсаторные установки 
610 1 |a аккумуляторные батареи 
610 1 |a технологическое оборудование 
610 1 |a нормативы 
610 1 |a электрические сети 
610 1 |a связь 
610 1 |a котлы 
610 1 |a компрессорные машины 
610 1 |a насосные установки 
610 1 |a вентиляционные установки 
610 1 |a трубопроводы 
610 1 |a энергетические службы 
610 1 |a техническое обслуживание 
610 1 |a качество 
610 1 |a документация 
610 1 |a окружающая среда 
610 1 |a охрана 
675 |a 620.9:658  |v 3 
700 1 |a Синягин  |b Н. Н.  |g Николай Николаевич 
701 1 |a Афанасьев  |b Н. А.  |g Николай Афанасьевич 
701 1 |a Новиков  |b С. А.  |g Станислав Андреевич 
801 0 |a RU  |b RuMRKP  |c 19950704  |g psbo 
801 1 |a RU  |b 63413507  |c 20100419 
801 2 |a RU  |b 63413507  |c 20180222  |g RCR 
942 |c BK